Biggest cities not officially under the control of the government - Statistics

General Stats
  • This quiz has been taken 1,033 times
    466 since last reset
  • The average score is 5 of 16
Answer Stats
Hint Population Answer % Correct
Haiti 2.6 million Port-au Prince
95%
Yemen 3.8 million Sanaa
95%
Ukraine 900k Donetsk
81%
Ukraine 400k Luhansk
57%
Ukraine 420k Mariupol
47%
Somalia 1.3 million Hargeisa
38%
Democratic Republic of the Congo 800k Goma
32%
Syria 600k Raqqa
18%
Yemen 1.1 million Ta'izz
16%
Somalia 550k Berbera
13%
Democratic Republicof the Congo 800k Bukavu
13%
Sudan 1 million Nyala
13%
Yemen 700k Al Hudaydah
9%
Syria 420k Al-Hasakah
5%
Somalia 300k Borama
5%
Somalia 425k Burao
5%
No matching quizzes found
Score Distribution
Percent of People with Each Score
Percentile by Number Answered
Your Score History
You have not taken this quiz since the last reset